Ηράκλειτος
Saved in:
| Main Author: | |
|---|---|
| Other Authors: | , , |
| Format: | Book |
| Language: | Greek Ancient Greek |
| Published: |
Αθήνα :
Πλέθρον,
1987.
|
| Series: | Πρόσωπα και ιδέες. Φιλοσοφία ;
26 |
| Subjects: | |
| Tags: |
Add Tag
No Tags, Be the first to tag this record!
|
MARC
| LEADER | 00000nam a2200000 a 4500 | ||
|---|---|---|---|
| 001 | 1/126894 | ||
| 008 | 230620t1987####gr | ||| |||| ||gre|| | ||
| 040 | |a GR-MyUa |b gre |c GR-MyUa |e AACR2 | ||
| 041 | 1 | |a gre |h grc |k fre | |
| 082 | 7 | |a 182.4 |2 (23) | |
| 100 | 0 | |a Ηράκλειτος, |d π. 540-π. 480. | |
| 245 | 1 | 0 | |a Ηράκλειτος / |c Jean Brun ; μετάφραση: Σ. Διαμαντή - Π. Γκέκα. |
| 246 | 1 | |i Παραλλαγή τίτλου: |a Heraclite | |
| 260 | |a Αθήνα : |b Πλέθρον, |c 1987. | ||
| 300 | |a 150 σ. ; |c 18 εκ. | ||
| 490 | 1 | |a (Πρόσωπα και ιδέες. Φιλοσοφία ; |v 26) | |
| 500 | |a Μετάφραση από το "Heraclite, Editions Seghers, Paris (1965)". | ||
| 504 | |a Περιέχει βιβλιογραφικές αναφορές. | ||
| 600 | 0 | 0 | |a Ηράκλειτος, |d π. 540-π. 480. |
| 650 | 0 | |a Philosophy, Ancient. | |
| 700 | 1 | |a Brun, Jean, |d 1919-1994, |e edt | |
| 700 | 1 | |a Διαμάντη, Σαπφώ, |e trlf | |
| 700 | 1 | |a Γκέκα, Πολυτίμη, |e trlf | |
| 830 | 0 | |a Πρόσωπα και ιδέες. |p Φιλοσοφία ; |v 26 | |
| 852 | |a INST |b SAMOS |e 20230620 |h 182.4 ΗΡΑ |p 005300047905 |q 005300047905 |t BK |y 0 | ||
| 970 | |a Γουβάλα |b Βάσω |z 20-06-2023 | ||